| 000 | 00425nam a2200169Ia 4500 | ||
|---|---|---|---|
| 008 | 230718s9999 xx 000 0 und d | ||
| 020 | _a9781408844441 | ||
| 041 | _aeng | ||
| 082 |
_a813.6 _bHOS |
||
| 100 |
_aHosseini K. _9106958 |
||
| 245 | _aThousand Splendid Suns | ||
| 260 |
_c2013 _bBloomsbury |
||
| 300 | _a419 | ||
| 365 |
_cRs. _b512.00 |
||
| 700 |
_aHosseini K. _9106958 |
||
| 906 |
_dB:439730-Apr-2008 _cOTH _b102.4 |
||
| 999 |
_c318921 _d318921 |
||